| 000 | 00894cam a22002771 4500 | ||
|---|---|---|---|
| 001 | sa 67006803 | ||
| 003 | DLC | ||
| 005 | 20260227112410.0 | ||
| 008 | 740503s1967 ii b 000 0beng | ||
| 010 | _asa 67006803 | ||
| 015 | _aGB67-15670 | ||
| 025 | _aPL480:I-E-8370 | ||
| 035 | _a(OCoLC)877773 | ||
| 040 |
_aDLC _cOClU _dOCoLC _dUk _dDLC |
||
| 042 | _apremarc | ||
| 050 | 0 | 0 |
_aKNS110.I47 _bP36 1967 |
| 082 |
_a340/.0924 _aB |
||
| 100 | 1 |
_aPandey, B. N. _q(Bishwa Nath), _d1929- |
|
| 245 | 1 | 4 |
_aThe introduction of English law into India; _bthe career of Elijah Impey in Bengal, 1774-1783 _c[by] B.N. Pandey. |
| 260 |
_aBombay, _aNew York, _bAsia Pub. House _c[1967] |
||
| 300 |
_axiii, 248 p. _c22 cm. |
||
| 490 | 0 |
_aAsia historical series, _vno. 3 |
|
| 504 | _aBibliography: p. 235-242. | ||
| 600 | 1 | 0 |
_aImpey, Elijah, _cSir, _d1732-1809. |
| 650 | 0 |
_aJustice, Administration of _zIndia. |
|
| 999 |
_c76170 _d76170 |
||